000 00842nam0a22003251 4500
001 RU\NLR\A1SV\65552
005 20251203171251.9
035 _a(NLR Aleph) 009747212
090 _a9966426
_c9966426
100 _a20050920d1925 u y0rusy50 ca
101 0 _arus
102 _aRU
200 1 _aСтихи
_fБорис Ковынев
210 _aМ.
_cНовая Москва
_d1925
215 _a30, [1] с.
_d18 см
620 _dМосква
700 1 _aКовынев
_bБ.К.
_f1903-1970
_gБорис Константинович
801 0 _aRU
_bNLR
_c20050920
852 _aNLR
_j50/606
852 _aNLR
_j50/606а
899 _aММП
899 _aРГБ
899 _aСПбГУ
899 _aНБ ТГУ
899 _aБАН
899 _aКирОУНБ
942 _cBOOK
980 _aNB
980 _aA1SV